| 000 | 00533nam a2200193 i 4500 | ||
|---|---|---|---|
| 001 | 30740 | ||
| 003 | ES-MaACL | ||
| 005 | 20250815122401.0 | ||
| 007 | t| | ||
| 008 | 030127s1958 sp af |||| | spa d | ||
| 080 | _a75.023.23 | ||
| 100 | 1 |
_aBell, John G. _927177 |
|
| 245 | 1 | 0 |
_aTécnicas de tiza y pastel / _cJohn G. Bell. |
| 260 |
_aBarcelona : _bL.E.D.A., _c[1958] |
||
| 300 |
_a47 p., 4 lám. col. : _bil. ; _c24 cm. |
||
| 650 | 7 |
_aPintura al pastel _2embne _9169240 |
|
| 852 |
_aES-MaACL _jC-11731 |
||
| 999 |
_c30740 _d30740 |
||